| 000 | 005640000a22001810004500 | ||
|---|---|---|---|
| 003 | MACL | ||
| 005 | 20160520123833.0 | ||
| 008 | 160520b xxu||||| |||| 00| 0 eng d | ||
| 040 |
_aMACL _cMACL |
||
| 041 | _aHindi | ||
| 082 | _a891.433 NAK | ||
| 100 |
_aनरवणे, कविता _958414 |
||
| 245 |
_aजाने-अनजाने _cकविता नरवणे |
||
| 260 |
_bहिन्दी बुक सेंटर _c1993 _aनई दिल्ली |
||
| 350 | _a65 | ||
| 650 |
_aStories _958415 |
||
| 942 |
_cHIN _k891.433/NAK/S _2ddc |
||
| 999 |
_c21351 _d21351 |
||